000 00515nam a2200169 i 4500
001 64948
003 ES-MaACL
005 20230906165250.0
007 t|
008 040107s1977 sp ||||1| spa d
100 1 _aFourquin, Guy.
_952001
245 1 0 _aSeñorío y feudalismo en la Edad Media /
_cGuy Fourquin ; [traducción, Rosa Mª Gallego Fanlo].
260 _a[Madrid] :
_bEdaf,
_c[1977]
300 _a314 p. ;
_c18 cm.
700 1 _aGallego Fanlo, Rosa María.
_953565
852 _aES-MaACL
_jA-7224
_bR.96250
999 _c64948
_d64948